000 00584ntaaa2200205 4500
003 01
005 20251027200807.0
008 0714s1973 ag 01
040 _aAR-BaBN
_bspa
_cAR-BaBN
_eaacr
_dRIC
082 _a786.36 Sc8
100 _aSchumann, Robert
_94242
245 _aLos grandes clásicos /
_cRobert Schumann
250 _a1 ed.
260 _aBuenos Aires :
_bRicordi Americana,
_cs/f
300 _a23 p ;
_cpart.; 31,5 cm
500 _aPortada. Colección de piezas fáciles elegidas y revisadas por Ettore Pozzoli
650 _aMusica
650 _aPiano
942 _cBK
999 _c2118
_d2118